000 00490cam a22002052a 4500
001 003680
003 AR-FADEU
008 311216n1962####xxu####################dd
092 _a843.914
_bB832
100 _aBrée, Germaine
245 _aThe French novel : from gide to camus
260 _aNew York
260 _bA. Harbinger book
260 _c1962
300 _a241 p
700 _aMargaret, Guiton
650 _aLITERATURA FANCESA-NOVELA
546 _aInglés
942 _cBDGR
999 _c9510
_d9510